REMOTE SENSING AND IMAGE INTERPRETATION (Record no. 18322)

MARC details
000 -LEADER
fixed length control field 00368nam a22001577a 4500
003 - CONTROL NUMBER IDENTIFIER
control field SGT
020 ## - INTERNATIONAL STANDARD BOOK NUMBER
International Standard Book Number 9788126532230
082 ## - DEWEY DECIMAL CLASSIFICATION NUMBER
Classification number 621.3678,LIL
100 ## - MAIN ENTRY--PERSONAL NAME
Personal name LILLESAND,THOAS.M
245 ## - TITLE STATEMENT
Title REMOTE SENSING AND IMAGE INTERPRETATION
250 ## - EDITION STATEMENT
Edition statement 6TH
260 ## - PUBLICATION, DISTRIBUTION, ETC. (IMPRINT)
Place of publication, distribution, etc NEW DELHI
Name of publisher, distributor, etc WILEY
Year of Publication 2017
300 ## - PAGE DESCRIPTION
No. of Pages 756
650 ## - SUBJECT ADDED ENTRY--TOPICAL TERM
Topical term or geographic name as entry element ELECTRICAL ENGINEERING
942 ## - ADDED ENTRY ELEMENTS (KOHA)
Source of classification or shelving scheme Dewey Decimal Classification
Koha item type Books
942 ## - ADDED ENTRY ELEMENTS (KOHA)
-- 1
Holdings
Withdrawn status Lost status Source of classification or shelving scheme Damaged status Not for loan Collection code Home library Current library Shelving location Date acquired Vendor Name Cost, normal purchase price SGTU Bill Number Total Checkouts Full call number Accession No. (Barcode) Date last seen Bill Date Koha item type Date last borrowed
    Dewey Decimal Classification     ENGINEERING SGT Engineering Library SGT Engineering Library Text Book 19/06/2019 KIRTI PRAKASHAN 999.00 SGTU IN3135   621.3678,LIL FE7386 04/11/2019 29/03/2019 Books  
    Dewey Decimal Classification     ENGINEERING SGT Engineering Library SGT Engineering Library Text Book 19/06/2019 KIRTI PRAKASHAN 999.00 SGTU IN3135 1 621.3678,LIL FE7387 19/09/2024 29/03/2019 Books 19/09/2024